|
|
|
|
| LEADER |
04033nam a22003977a 4500 |
| 001 |
41322 |
| 003 |
BD-DhAAL |
| 005 |
20260205113406.0 |
| 008 |
230604t2020 us a|||| b||| 001 0 eng d |
| 020 |
|
|
|a 9781716745522
|
| 040 |
|
|
|a BD-DhAAL
|c BD-DhAAL
|
| 082 |
|
4 |
|2 20
|a 005.265
|
| 100 |
|
|
|a Halim, Steven
|9 36590
|
| 245 |
1 |
0 |
|a Competitive programming 4 :
|b the lower bound of programming contests in the 2020s.
|n Book 1, chapter 1-4 /
|c Steven Halim, Felix Halim and Suhendry Effendy.
|
| 260 |
|
|
|a United States, UK :
|b Ingram content group,
|c 2020.
|
| 300 |
|
|
|a xxx, 299 pages :
|b illustrations ;
|c 21 cm
|
| 500 |
|
|
|a Cover title
Book 1, chapter 1-4; Book 2, chapter 5-9
"Handbook for IOI and ICPC contestants, and for programming interviews"--Cover
|
| 504 |
|
|
|a Includes bibliographical references and index.
|
| 526 |
8 |
|
|a CSE
|x Md. Imran Bin Azad
Senior Lecturer
Department of Computer Science and Engineering
Course Name and No. : Algorithms Theory & Algorithms Laboratory (CSE221)
|
| 541 |
1 |
|
|a Karim International, Hye Trade International
|e 41322, 45313, 45314, 45315, 45316, 45317
|
| 650 |
|
|
|a Computer programming
|v Handbooks, manuals, etc.
|
| 650 |
|
|
|a Computer programming.
|
| 650 |
|
|
|a Competitive Programming.
|9 29898
|
| 650 |
|
|
|a Computer science.
|
| 700 |
|
1 |
|a Halim, Felix
|
| 700 |
|
1 |
|a Effendy, Suhendry
|9 54447
|
| 852 |
|
|
|a Ayesha Abed Library
|c General Stacks
|
| 942 |
|
|
|2 ddc
|c BK
|
| 999 |
|
|
|c 44832
|d 44832
|
| 952 |
|
|
|0 0
|1 0
|2 ddc
|4 0
|6 005_265000000000000_HAL
|7 0
|9 73710
|a BRACUL
|b BRACUL
|c GEN
|d 2023-05-31
|e Karim International
|g 3060.00
|l 4
|m 59
|o 005.265 HAL
|p 3010041322
|q 2025-02-11
|r 2024-05-15
|s 2024-05-15
|t 2
|v 3060.00
|w 2023-05-31
|y BK
|
| 952 |
|
|
|0 0
|1 0
|2 ddc
|4 0
|6 005_265000000000000_HAL
|7 0
|9 73711
|a BRACUL
|b BRACUL
|c CIR
|d 2023-05-31
|e Karim International
|g 3060.00
|l 2
|m 4
|o 005.265 HAL
|p 3010041321
|r 2025-02-04
|s 2023-10-09
|t 1
|v 3060.00
|w 2023-05-31
|y 1HOUR
|x As instructed by the University Librarian at the request of Kabbya Kantam Patwary (Lecturer), the book has been reserved as one hour loan.
|
| 952 |
|
|
|0 0
|1 0
|2 ddc
|4 0
|6 005_265000000000000_HAL
|7 0
|9 78726
|a BRACUL
|b BRACUL
|c NEW
|d 2026-01-29
|e Hye Trade International
|g 2898.00
|l 1
|m 2
|o 005.265 HAL
|p 3010045313
|q 2026-05-14
|r 2026-04-23
|s 2026-04-23
|t 3
|v 5796.00
|w 2026-01-29
|y BK
|x Requisitioned by Md. Imran Bin Azad (Senior Lecturer, Department of Computer Science and Engineering, BRAC University) for the course named - Algorithms Theory & Algorithms Laboratory (CSE221)
|
| 952 |
|
|
|0 0
|1 0
|2 ddc
|4 0
|6 005_265000000000000
|7 0
|9 78727
|a BRACUL
|b BRACUL
|c GEN
|d 2026-01-29
|e Hye Trade International
|g 2898.00
|l 0
|o 005.265
|p 3010045316
|r 2026-01-29
|t 7
|v 5796.00
|w 2026-01-29
|y BK
|x Requisitioned by Md. Imran Bin Azad (Senior Lecturer, Department of Computer Science and Engineering, BRAC University) for the course named - Algorithms Theory & Algorithms Laboratory (CSE221)
|
| 952 |
|
|
|0 0
|1 0
|2 ddc
|4 0
|6 005_265000000000000_HAL
|7 0
|9 78728
|a BRACUL
|b BRACUL
|c GEN
|d 2026-01-29
|e Hye Trade International
|g 2898.00
|l 3
|m 3
|o 005.265 HAL
|p 3010045314
|q 2026-06-02
|r 2026-04-12
|s 2026-04-12
|t 4
|v 5796.00
|w 2026-01-29
|y BK
|x Requisitioned by Md. Imran Bin Azad (Senior Lecturer, Department of Computer Science and Engineering, BRAC University) for the course named - Algorithms Theory & Algorithms Laboratory (CSE221)
|
| 952 |
|
|
|0 0
|1 0
|2 ddc
|4 0
|6 005_265000000000000_HAL
|7 0
|9 78729
|a BRACUL
|b BRACUL
|c GEN
|d 2026-01-29
|e Hye Trade International
|g 2898.00
|l 0
|o 005.265 HAL
|p 3010045315
|r 2026-01-29
|t 5
|v 5796.00
|w 2026-01-29
|y BK
|x Requisitioned by Md. Imran Bin Azad (Senior Lecturer, Department of Computer Science and Engineering, BRAC University) for the course named - Algorithms Theory & Algorithms Laboratory (CSE221)
|
| 952 |
|
|
|0 0
|1 0
|2 ddc
|4 0
|6 005_265000000000000_HAL
|7 0
|9 78730
|a BRACUL
|b BRACUL
|c GEN
|d 2026-01-29
|e Book Finder International
|g 2898.00
|l 1
|o 005.265 HAL
|p 3010045317
|q 2026-06-02
|r 2026-05-21
|s 2026-05-21
|t 6
|v 5796.00
|w 2026-01-29
|y BK
|x Requisitioned by Md. Imran Bin Azad (Senior Lecturer, Department of Computer Science and Engineering, BRAC University) for the course named - Algorithms Theory & Algorithms Laboratory (CSE221)
|